Agribusiness management resource materials. V 1. Introduction to agribusiness management (Record no. 28272)

MARC details
000 -LEADER
fixed length control field 00367nam a2200121Ia 4500
082 ## - DEWEY DECIMAL CLASSIFICATION NUMBER
Classification number 658:63
Item number DRI.1
245 #0 - TITLE STATEMENT
Title Agribusiness management resource materials. V 1. Introduction to agribusiness management
260 ## - PUBLICATION, DISTRIBUTION, ETC. (IMPRINT)
Place of publication Tokyo
Name of publisher Asian Productivity
Year of publication 1971
650 ## - SUBJECT ADDED ENTRY--TOPICAL TERM
Topical Term Agribusiness
700 ## - ADDED ENTRY--PERSONAL NAME
Personal name Drilon, J D
942 ## - ADDED ENTRY ELEMENTS (KOHA)
Koha item type Books
Holdings
Withdrawn status Lost status Damaged status Not for loan Home library Current library Date acquired Cost, normal purchase price Full call number Accession Number Koha item type
        RRII Library RRII Library 16/12/2021 3.00 658:63 DRI.1 08878 Books